000 01126nam a2200289 i 4500
001 bg
100 1 _aHOPCROFT, John E.
_d(1939- )
245 1 0 _aWprowadzenie do teorii automatów, języków i obliczeń /
_cJohn E. Hopcroft, Jeffrey D. Ullman ; [tł. z ang. Beata Konikowska].
246 _iTyt. oryg.:
_aIntroduction to automata theory, languages and computation
260 _aWarszawa :
_bWydaw. Naukowe PWN,
_c2003.
300 _a478 s. :
_bil. ;
_c24 cm.
500 _aTyt. oryg.: "Introduction to automata theory, languages and computation".
504 _aBibliogr. przy rozdz. - Indeks.
650 9 _aAutomaty
_xteoria
650 9 _aJęzykoznawstwo matematyczne
_xteoria
655 _aPodręczniki akademickie
700 1 _aULLMAN, Jeffrey D.
_d(1942- )
700 1 _aKONIKOWSKA, Beata.
_eRed.
020 _a8301140909
040 _cBPK
041 1 _apol
_heng
080 _a519.7(075.8)
920 _a83-01-14090-9
942 _cKS
008 s pl f |000 0 pol
999 _c43321
_d43321
856 _uhttp://koha.tu.koszalin.pl/cgi-bin/koha/opac-detail.pl?biblionumber=43321
_yKatalog online BPK